Quizzes
Events
Quiz Creation
Community
Videos
Private Events
Remove Ads
Sign In
Join for FREE
Feedback
Dark Mode
Quiz Categories
Sports
Geography
Music
Movies
Television
Just For Fun
Miscellaneous
History
Literature
Language
Science
Gaming
Entertainment
Religion
Holiday
For Kids
Quiz Lab
Recent
Popular Today
Quiz Kudos Today
Editor Picks
Curator Picks
Quizzes by...
Day
Popularity
Type
Ratings
Length
Year
Community
Subscriptions
Recent Discussions
Orange Saloon
Badges
Playlists
Quests
Create
Leaderboards
Showdown
Live 5
Trivia Bingo
Activity
Puzzle Library
Sporcle Events
Private Events
Virtual Trivia
Globe League
Become a Host
Pub Owners
SporcleCon
Opinionation
Our Games
Videos
Blog
Mobile Apps
Partnerships
Remove Ads and Go Orange
Feedback
History
US Presidents
World Leaders
Politics
Nation
Discovery
War
Decade
Year
Century
Biography
Art
History
US Presidents
World Leaders
Politics
Nation
Discovery
War
Decade
Year
Century
Biography
Art
Random Quiz
Search Sporcle
×
Quiz Lab
Quiz Lab
History
Here
Type in answers that appear in a list
Type in answers that appear in a list
Classic
Best Score? Go Orange.
Name the Medical Heroes Stats
Can you name the Medical Heroes?
By
FVHistory
10m
20 Questions
53 Plays
53 Plays
53 Plays
Comments
Comments
Give Quiz Kudos
Give Quiz Kudos
-
- Ratings
hide this ad
Forced Order
Answers have to be entered in order
Answers have to be entered in order
Random Order
Randomize order of answers
Randomize order of answers
Replay
Link that replays current quiz
Next Quiz
Link to next quiz in quiz playlist
You Got
0%
They Got
Avg Score
50%
Avg Friend Score
Upgrade to see
Score Distribution
Jump to the score distribution portion of the page
Score
0/20
Timer
10:00
0
Plays Today
Hint
Answer
% Correct
Discovered Penicillin in 1928
Alexander Fleming
79.2%
Improved Nursing in the Crimea
Florence Nightingale
77.4%
Discovered the First Vaccine
Edward Jenner
69.8%
Discovered Germs
Louis Pasteur
58.5%
Prove the heart was a pump
William Harvey
58.5%
Discovered the antiseptic properties of Carbolic acid
Joseph Lister
54.7%
Proved the Germ Theory
Robert Koch
52.8%
Came up with the 4 Humour Theory
Hippocrates
52.8%
Developed 4 Humours into Theory of Opposites
Galen
52.8%
Said Doctors should wash their hands
Ignaz Semmelweiss
47.2%
Hint
Answer
% Correct
Pushed through the NHS
Aneurin Bevan
45.3%
Invented Ligatures
Ambroise Pare
43.4%
Mass Produced Penicillin
Florey & Chain
43.4%
Discovered Chloroform worked as a anaesthetic
James Simpson
41.5%
Perfromed human dissections to prove Galen wrong
Andres Vesalius
41.5%
Was thrown in prison for suggesting Galen may be wrong
Roger Bacon
41.5%
First suggested an NHS in 1942
William Beveridge
39.6%
Wrote the Sanitary Report
Edwin Chadwick
37.7%
Found a 'cure' for Diptheria
Emil Behring
32.1%
Discovered the First Magic Bullet
Paul Ehrlich
30.2%
Quiz Playlist
Details
Report
Send in Message
Add To Playlist
Classic:
Type in answers that appear in a list
Forced Order:
Answers have to be entered in order
Random Order:
Randomize order of answers
Last Updated: Feb 16, 2017
Quiz Scoreboard
CHALLENGE
Sign Up to Join the Scoreboard
Show All
Scores
Hide
Comments
May contain spoilers
Recently Published
An Introduction to Baseball
by treessimontrees
Sports
5m
Movies - When Are They Set?
by FPL_Elf
Movies
5m
Popular People in 1961
by mucciniale
History
6m
More to Explore
Quiz From the Vault
Featured Blog Post
Where Did the Easter Bunny Come From?
hide this ad
You Might Also Like...
Tags
Here
Medical
Today's Top Quizzes in History
Browse History
hide this ad
Today's Top Quizzes in Here
Browse Here
Top Contributed Quizzes in History
1
Popular People in 1991
2
Popular People in 1981
3
Popular People in 1951
4
Popular People in 1941
5
Popular People in 1986
6
Popular People in 1976
7
Popular People in 1921
8
I Am Born On March 28th
9
Popular People in 1946
10
Popular People in 1936
Explore More
Trending Topics
Anime
Disney
Kpop
Crossword
Marvel
Harry Potter
NBA
Song
Country
Soccer
Pokémon
The Office
WWE
NFL
Puzzle
hide this ad
More By:
FVHistory
Quiz
Plays
Rating
Category
Featured
Created
Individuals of the Civil Rights Movement
160
3.33
History
Mar 24, 2015
Key dates of the Civil Rights Movement
84
1.00
History
Mar 26, 2015
American West Settlers
67
2.00
History
Mar 20, 2015
Name the Medical Heroes
53
5.00
History
Mar 19, 2015
Go to Creator's Profile
Score Distribution
Quiz Creator Spotlight
FVHistory
Follow
Send a Message
Quizzes Created
-
Created Quiz Play Count
-
More By This Creator
Popular Quizzes Today
1
Find the Countries of Europe - No Outlines Minefield
2
Find the US States - No Outlines Minefield
3
The Countries of the World
4
Popular People in 1961
5
US States
6
Find the US States
7
1-10 Letter E Words III
8
Risky Map Clicking: Biggest States A-Z
More History Quizzes
Spot the Canadian Prime Ministers
Published
Trending Quizzes
Risky Map Clicking: Least Populous States A-Z
1-10 Letter F Words
1-10 Letter G Words
Not Quite an Element Typing Challenge
One Thing in Common: United Kingdom
Recently Updated
Leaping Animals
pecheneg
Reality TV Shows (A-Z)
bhenderson79
Rickey Henderson's Hall of Fame Teammates
pecheneg
Champions League XIs: Arsenal
pecheneg
Quick Pick: Celebrities in WWE's Hall of Fame
aduchscher
A-Z Keypad Blitz II
pecheneg
Multiple Oscar Actors
pecheneg
Mystery Phrase Blitz: Oscar 'Best Actors'
pecheneg
F. Scott Fitzgerald Novels
LTH
Pick 3 Villains
ddd62291
Trending Topics
Harry Potter
NBA
Crossword
Anime
Marvel
Kpop
Disney
Pokémon
WWE
Song
The Office
Soccer
Country
NFL
Puzzle
Your Account Isn't Verified!
In order to create a playlist on Sporcle, you need to verify the email address you used during registration. Go to your
Sporcle Settings
to finish the process.
Report this User
Report this user for behavior that violates our
Community Guidelines
.
Details:
Send Report
Go to the Sporcle.com Mobile Site →
Comments